<?xml version="1.0" encoding="UTF-8"?><record xmlns="http://www.loc.gov/MARC21/slim" xmlns:zs="http://docs.oasis-open.org/ns/search-ws/sruResponse">
  <leader>02771cam a2200457 i 4500</leader>
  <controlfield tag="001">23001997</controlfield>
  <controlfield tag="005">20250607120854.6</controlfield>
  <controlfield tag="006">m    |o  d |      </controlfield>
  <controlfield tag="007">cr |||||||||||</controlfield>
  <controlfield tag="008">170927s2011    sa a    ob    000 0 eng  </controlfield>
  <datafield ind1=" " ind2=" " tag="035">
    <subfield code="a">23001997</subfield>
  </datafield>
  <datafield ind1=" " ind2=" " tag="906">
    <subfield code="a">7</subfield>
    <subfield code="b">cbc</subfield>
    <subfield code="c">origcop</subfield>
    <subfield code="d">u</subfield>
    <subfield code="e">ncip</subfield>
    <subfield code="f">20</subfield>
    <subfield code="g">y-gencatlg</subfield>
  </datafield>
  <datafield ind1="0" ind2=" " tag="925">
    <subfield code="a">acquire</subfield>
    <subfield code="e">doabebook</subfield>
    <subfield code="x">policy default</subfield>
  </datafield>
  <datafield ind1=" " ind2=" " tag="010">
    <subfield code="a">  2020719800</subfield>
  </datafield>
  <datafield ind1=" " ind2=" " tag="020">
    <subfield code="z">1920538003</subfield>
  </datafield>
  <datafield ind1=" " ind2=" " tag="020">
    <subfield code="z">9205380024</subfield>
  </datafield>
  <datafield ind1=" " ind2=" " tag="020">
    <subfield code="z">9781920538002</subfield>
  </datafield>
  <datafield ind1=" " ind2=" " tag="020">
    <subfield code="z">9789205380025</subfield>
  </datafield>
  <datafield ind1=" " ind2=" " tag="040">
    <subfield code="a">DLC</subfield>
    <subfield code="b">eng</subfield>
    <subfield code="e">pn</subfield>
    <subfield code="e">rda</subfield>
    <subfield code="c">DLC</subfield>
  </datafield>
  <datafield ind1=" " ind2=" " tag="043">
    <subfield code="a">f------</subfield>
  </datafield>
  <datafield ind1="0" ind2="0" tag="050">
    <subfield code="a">KQC201</subfield>
  </datafield>
  <datafield ind1="0" ind2="0" tag="245">
    <subfield code="a">Essays in African land law /</subfield>
    <subfield code="c">Robert Home (editor).</subfield>
  </datafield>
  <datafield ind1=" " ind2="1" tag="264">
    <subfield code="a">Pretoria :</subfield>
    <subfield code="b">Pretoria University Law Press (PULP),</subfield>
    <subfield code="c">2011.</subfield>
  </datafield>
  <datafield ind1=" " ind2=" " tag="300">
    <subfield code="a">1 electronic resource (xv, 207 pages )</subfield>
  </datafield>
  <datafield ind1=" " ind2=" " tag="336">
    <subfield code="a">text</subfield>
    <subfield code="b">txt</subfield>
    <subfield code="2">rdacontent</subfield>
  </datafield>
  <datafield ind1=" " ind2=" " tag="337">
    <subfield code="a">computer</subfield>
    <subfield code="b">c</subfield>
    <subfield code="2">rdamedia</subfield>
  </datafield>
  <datafield ind1=" " ind2=" " tag="338">
    <subfield code="a">online resource</subfield>
    <subfield code="b">cr</subfield>
    <subfield code="2">rdacarrier</subfield>
  </datafield>
  <datafield ind1=" " ind2=" " tag="504">
    <subfield code="a">Includes bibliographical references (pages 191-207).</subfield>
  </datafield>
  <datafield ind1="0" ind2=" " tag="505">
    <subfield code="a">Perceptions of legal and geographical clarity : defining international land boundaries in Africa / John W. Donaldson -- Towards the pro-poor land law in Sub-Saharan Africa / Robert Home -- International law and land rights in Africa : the shift from states' territorial possessions to indigenous peoples' ownership rights / Jeremie Gilbert and Valerie Couillard -- Indigenous peoples and ancestral lands : implications of the Bakweri case in Cameroon / Ambe J Njoh -- Not just another 'custom' : Islamic influences on African land laws / Siraj Sait -- The Humwe principle : a social -ordering grundnorm for Zimbabwe and Africa? / Ben Chigara -- Gender perspectives of property rights in rural Kenya / Leah Onyango, Anne Omollo and Elizabeth Ayo -- Legal challenges of land held in trust for orphans and vulnerable children (OVCS) in Kenya / George Anang'a, Colleta Otieno and Awuor Oluoch -- Compensation for compulsory acquisition of land for mining activities in Nigeria : the search for a viable solution / Oludayo Gabriel Amokaye.</subfield>
  </datafield>
  <datafield ind1=" " ind2=" " tag="506">
    <subfield code="f">Unrestricted online access</subfield>
  </datafield>
  <datafield ind1=" " ind2=" " tag="540">
    <subfield code="a">Creative Commons Attribution 4.0 International.</subfield>
    <subfield code="f">CC BY 4.0</subfield>
    <subfield code="u">https://creativecommons.org/licenses/by/4.0/legalcode</subfield>
  </datafield>
  <datafield ind1=" " ind2=" " tag="588">
    <subfield code="a">Description based on print version record; resource not viewed.</subfield>
  </datafield>
  <datafield ind1=" " ind2="0" tag="650">
    <subfield code="a">Customary law</subfield>
    <subfield code="z">Africa.</subfield>
  </datafield>
  <datafield ind1=" " ind2="0" tag="650">
    <subfield code="a">Land tenure</subfield>
    <subfield code="x">Law and legislation</subfield>
    <subfield code="z">Africa.</subfield>
  </datafield>
  <datafield ind1=" " ind2="0" tag="650">
    <subfield code="a">Real property</subfield>
    <subfield code="z">Africa.</subfield>
  </datafield>
  <datafield ind1=" " ind2="0" tag="650">
    <subfield code="a">Rule of law</subfield>
    <subfield code="z">Africa.</subfield>
  </datafield>
  <datafield ind1="1" ind2=" " tag="700">
    <subfield code="a">Home, Robert</subfield>
    <subfield code="c">(College teacher),</subfield>
    <subfield code="e">editor.</subfield>
  </datafield>
  <datafield ind1="0" ind2="8" tag="776">
    <subfield code="i">Print version:</subfield>
    <subfield code="t">Essays in African land law</subfield>
    <subfield code="d">Pretoria : Pretoria University Law Press (PULP), 2011.</subfield>
    <subfield code="z">9781920538002</subfield>
    <subfield code="w">(DLC)  2017455188</subfield>
  </datafield>
  <datafield ind1="4" ind2="0" tag="856">
    <subfield code="d">gdcebookspublic</subfield>
    <subfield code="f">2020719800</subfield>
    <subfield code="u">https://hdl.loc.gov/loc.gdc/gdcebookspublic.2020719800</subfield>
  </datafield>
  <datafield ind1=" " ind2=" " tag="985">
    <subfield code="a">gdc/doab</subfield>
  </datafield>
  <datafield ind1=" " ind2=" " tag="985">
    <subfield code="a">gdc/scd</subfield>
  </datafield>
</record>
